| 000 | 00989nam a2200253 i 4500 | ||
|---|---|---|---|
| 001 | 186878 | ||
| 003 | ES-MaACL | ||
| 005 | 20260304121637.0 | ||
| 008 | 170224s1930 sp |||| | spa d | ||
| 100 | 1 |
_aCiges Aparicio, M., _d1873-1936 _938817 |
|
| 245 | 1 | 0 |
_aJoaquín Costa, el gran fracasado / _cpor M. Ciges Aparicio. |
| 250 | _a1ª ed. | ||
| 260 |
_aMadrid : _bEspasa-Calpe, _c1930. |
||
| 300 |
_a2 h. de lám., 264 p., [2] h. de lám. ; _c19 cm. |
||
| 490 | 1 |
_aVidas españolas del siglo XIX ; _v8 |
|
| 504 | _aBibliografía: Las obras de Costa: p. [253]-264. | ||
| 530 | _aDisponible en formato digital. | ||
| 600 | 1 | 4 |
_aCosta, Joaquín, _d1846-1911- _xBiografías _9172846 |
| 830 | 1 |
_aVidas españolas del siglo XIX ; _v8 _9192637 |
|
| 852 |
_aES-MaACL _jC-23220 _zEjemplar falto de portada. _cGalería |
||
| 856 | 4 |
_uhttps://bibliotecavirtual.aragon.es/es/consulta/registro.do?id=2045 _yBiblioteca Virtual de Aragón |
|
| 942 | _2udc | ||
| 999 |
_c186878 _d186878 |
||